| 000 | 00757nam a2200229 a 4500 | ||
|---|---|---|---|
| 001 | 000006870 | ||
| 003 | DO-SdBNP | ||
| 005 | 20260321073638.0 | ||
| 008 | 090903s1998 dr a 001 0 spa d | ||
| 040 |
_aDO-SdBNP _bspa _cBNPHU |
||
| 082 |
_a398.961 _bJ36m _222 |
||
| 245 | 0 | 0 |
_aMáximas y aforismos de Juan Bosch / _ccompilador René Jáquez Gil. |
| 260 |
_aSanto Domingo : _bSoto Castillo, _c1998. |
||
| 300 |
_a218 p. : _bil. ; _c20 cm. |
||
| 500 | _aIncluye datos biográficos del autor en la solapa de la cubierta | ||
| 590 | _aInventariado, 2022/MFF | ||
| 600 | 1 | 0 |
_a Bosch, Juan, _d1909-2001 _976555 |
| 650 | 4 |
_aMáximas _914993 |
|
| 650 | 0 |
_xAforismos y apotegmas _983268 |
|
| 700 | 1 |
_aJáquez Gil, René, _d1950- _ecomp. _919071 |
|
| 942 |
_2ddc _cLBS1 |
||
| 999 |
_c6658 _d6658 |
||